000 00563nam a2200217 a 4500
001 0001-2569
003 ELIB.Books
008 191217 2010 eng
020 _a0809138085
092 _a230.2
_bLen
100 _aLennan, Richard.
245 _aAn Introduction to Catholic Theology
260 _aNew York
_bPaulist Press
_c1998
300 _a189
_c23 Cm
650 _aTheology- Doctrinal
856 _nKBTS Library
_uKBTS Elib
942 _2ddc
_cBK
990 _a1
998 _aEnglishbooks.elf
_ccat
_e2019-12-17
999 _c12569
_d12569